=LDR 00000nam 2200000 4500 =001 INLIS000000000037427 =005 20130612143147 =008 ***********************************Ind** =035 ##$$a0010-061300000037427 =041 ##$$a Ind =082 ##$$a 928 =090 ##$$a 928, Sud s =100 ##$$a Sudarmanta, J.B =245 ##$$a Jejak - jejak pahlawan, Perekat kesatuan bangsa Indonesia, J.B Soedarmanta =260 ##$$a 2007 $b Jakarta =300 ##$$a xxv,443 hlm, Ilus, 21 cm =650 ##$$a Pahlawan, Sejarawan =850 ##$$a NBPNMAT =990 ##$$a 91766/BPAP-NTB/2014